Rekombinantný ľudský interleukín 11 a bakteriálne infekcie u pacientov s hematologickým malígnym ochorením počas chemoterapie: dvojitá slepá randomizovaná klinická štúdia

Bibliographic Details
Main Authors: Ellis, Michael (Author), Zwaan, Ferdinand (Author), Hedstroem, Ulla (Author), Poynton, Christopher (Author), Kristensen, Joergen (Author), Jumaa, Pauline (Author), Wassell, Julie (Author), Al-Ramadi, Basel (Author)
Other Authors: Gyarfašová, Zuzana (Translator)
Format: Article
Language:Slovak
ISSN:1335-8359
Subjects:

MARC

LEADER 00000nab a2200000 a 4500
001 vtls000851813
003 SK-MaSNL
005 20260304212953.0
008 250429c2003 xo 0 slo
015 |a SNBRB2003/11-32782 
035 |a CLN000203468 
035 |a urn:nbn:sk:snk-ab323r 
035 |a (urnnbn)urn:nbn:sk:snk:ar-a05jhq 
035 |a (uuid)87829fb4-6b58-42da-ad97-797e97d3bf36 
040 |a SNKBUCL  |b slo  |c SNKBUCL  |e AACR2 
041 0 |a slo 
044 |a xo  |c SK 
080 |a 616.15-006:616-022.7  |2 1997 
245 0 0 |a Rekombinantný ľudský interleukín 11 a bakteriálne infekcie u pacientov s hematologickým malígnym ochorením počas chemoterapie: dvojitá slepá randomizovaná klinická štúdia  |c Michael Ellis ... [et al.] 
500 |a The Lancet, vol. 361, January 25, 2003 
650 0 7 |a interleukín 11  |2 MESH  |9 259400 
650 0 7 |a nádory hematologické  |2 MESH  |9 1505899 
650 0 7 |a infekcie baktériové  |2 MESH  |9 861090 
650 0 7 |a štúdie kontrolované randomizované  |2 MESH  |9 1137119 
650 0 7 |a abstrakty  |2 MESH  |9 90504 
655 7 |a články z novín a časopisov  |2 snkbucl  |9 267496 
700 1 |a Gyarfašová, Zuzana  |4 trl  |9 44055 
700 1 |a Ellis, Michael  |4 aut  |9 1545492 
700 1 |a Zwaan, Ferdinand  |4 aut  |9 1545493 
700 1 |a Hedstroem, Ulla  |4 aut  |9 1545494 
700 1 |a Poynton, Christopher  |4 aut  |9 1545495 
700 1 |a Kristensen, Joergen  |4 aut  |9 1545496 
700 1 |a Jumaa, Pauline  |4 aut  |9 1545497 
700 1 |a Wassell, Julie  |4 aut  |9 1545498 
700 1 |a Al-Ramadi, Basel  |4 aut  |9 1545499 
773 0 |t Interná medicína  |g Roč. 3, č. 3 (2003), s. 197  |x 1335-8359 
850 |a Slovenská národná knižnica 
852 |a Slovenská národná knižnica 
954 |a odborná, vedecká literatúra pôvodná (slovenská)  |2 lita 
958 |a article2022 
958 |a MI 
958 |a OND 
958 |a EUIPO 
999 |c 3133602  |d 3135532